Szeged "rangja" vidéki városaink sorában
Elmentve itt :
| Dokumentumtípus: | Cikk |
|---|---|
| Megjelent: |
1962-06-16
|
| Sorozat: | Délmagyarország
|
| Kulcsszavak: | Statisztika népesség 1962, Statisztika ipar 1962, Helytörténet Szeged 1962 |
| Online Access: | http://dmarchiv.bibl.u-szeged.hu/55233 |
| LEADER | 00465nab a2200145 i 4500 | ||
|---|---|---|---|
| 001 | delm55233 | ||
| 005 | 20180927141854.0 | ||
| 008 | 180927s1962 hu o 0|| hun d | ||
| 040 | |a SZTE Délmagyarország Archívum |b hun | ||
| 041 | |a hun | ||
| 245 | 0 | 0 | |a Szeged "rangja" vidéki városaink sorában |h [elektronikus dokumentum] |
| 260 | |c 1962-06-16 | ||
| 300 | |a 3 | ||
| 490 | 0 | |a Délmagyarország | |
| 695 | |a Statisztika népesség 1962, Statisztika ipar 1962, Helytörténet Szeged 1962 | ||